Sports Quiz

Random Sports or NHL Quiz

NHL Top 50 Interlockout Scorers (2005-2012) Quiz Stats

Quiz Updated Jul 3, 2013

Challenge
Share
Tweet
Embed
Score 0/50 Timer 10:00
0 Plays Today
Rank Player % Correct
3.Sidney Crosby
98%
1.Alexander Ovechkin
95.4%
14.Evgeni Malkin
86.4%
2.Joe Thornton
80.6%
4.Henrik Sedin
79.7%
8.Daniel Sedin
79.7%
5.Martin St Louis
77.5%
7.Jarome Iginla
76.4%
9,Pavel Datsyuk
74.7%
13.Henrik Zetterberg
73.8%
25.Rick Nash
71.2%
18.Brad Richards
69.6%
40.Mike Richards
69.6%
15.Vincent Lecavalier
69.1%
6.Ilya Kovalchuk
68.5%
19.Patrick Marleau
67.8%
17.Daniel Alfredsson
67.3%
11.Eric Staal
67.1%
32.Corey Perry
67%
10.Dany Heatley
66.1%
21.Ryan Getzlaf
66%
16.Marian Hossa
65.6%
24.Teemu Selanne
64.3%
34.Nicklas Lidstrom
62.7%
27.Marian Gaborik
62%
Rank Player % Correct
12.Jason Spezza
60.7%
49.Jeff Carter
59.6%
36.Zach Parise
57.7%
30.Anze Kopitar
56.7%
28.Shane Doan
53.5%
29.Patrik Elias
52.9%
48.Saku Koivu
51.2%
44.Alexander Semin
47.1%
26.Thomas Vanek
47%
33.Daniel Briere
46%
45.Scott Gomez
42.6%
46.Patrick Sharp
39.6%
39.Marc Savard
39.6%
47.Milan Hejduk
39%
50.Ryan Smyth
37.7%
20.Olli Jokinen
37.1%
22.Ray Whitney
32.8%
31.Jason Pominville
32.7%
37.Derek Roy
31%
35.Alex Tanguay
30%
38.Mike Cammalleri
29.8%
23.Mike Ribeiro
25.3%
43.Vaclav Prospal
16%
42.Andy McDonald
16%
41.Andrew Brunette
14.5%

You're not logged in!

Compare scores with friends on all Sporcle quizzes.
Join for Free
OR
Log In

You Might Also Like...

Show Comments

Extras

Top Quizzes Today


Score Distribution

Your Account Isn't Verified!

In order to create a playlist on Sporcle, you need to verify the email address you used during registration. Go to your Sporcle Settings to finish the process.

Report this User

Report this user for behavior that violates our Community Guidelines.

Details: